Statistics for Arctic Monkeys Song List

Click here to take the quiz!

General Stats

  • This quiz has been taken 217 times
  • The average score is 35 of 59

Answer Stats

HintAnswer% Correct
§Do I Wanna Know?
93%
§R U Mine?
92%
§505
89%
§Arabella
84%
§I Wanna Be Yours
84%
§Suck It And See
83%
§Why'd You Only Call Me When You're High?
81%
§Brianstorm
80%
§I Bet You Look Good On The Dancefloor
77%
§Knee Socks
77%
§Teddy Picker
76%
§Fluorescent Adolescent
75%
§Crying Lightning
74%
§Snap Out Of It
74%
§Cornerstone
72%
§No.1 Party Anthem
72%
§Fireside
71%
§Mardy Bum
70%
§Old Yellow Bricks
67%
§When The Sun Goes Down
67%
§One For The Road
66%
§Balaclava
63%
§D Is For Dangerous
62%
§Mad Sounds
62%
§The View From The Afternoon
61%
§Dancing Shoes
60%
§My Propeller
59%
§Only Ones Who Know
59%
§A Certain Romance
58%
§Fake Tales Of San Francisco
58%
§Pretty Visitors
57%
§Riot Van
57%
§Do Me A Favour
56%
§Black Treacle
55%
§She's Thunderstorms
55%
§This House Is A Circus
55%
§Secret Door
54%
§From The Ritz To The Rubble
53%
§Piledriver Waltz
53%
§I Want It All
50%
§Don't Sit Down 'Cause I've Moved Your Chair
48%
§Love Is A Laserquest
48%
§The Bad Thing
48%
§Brick By Brick
47%
§If You Were There, Beware
46%
§Dangerous Animals
44%
§Dance Little Liar
43%
§Red Light Indicates Doors Are Secured
42%
§Still Take You Home
42%
§Perhaps Vampires Is A Bit Strong But...
41%
§Library Pictures
39%
§The Jeweller's Hands
38%
§Potion Approaching
36%
§Fire And The Thud
34%
§The Hellcat Spangled Shalalala
34%
§That's Where You're Wrong
33%
§Reckless Serenade
30%
§All My Own Stunts
28%
§You Probably Couldn't See For The Lights But You Were Staring Straight At Me
28%

Score Distribution

Percentile by Number Answered

Percent of People with Each Score

Your Score History

You have not taken this quiz